| 000 | 00996nmm a2200313 a 4500 | ||
|---|---|---|---|
| 003 | AR-BaBNM | ||
| 005 | 20251128205216.0 | ||
| 008 | 011101s1996 ||||||||||||||000 | spa|| | ||
| 020 | _a950-507-443-3 | ||
| 040 | _cAR-BaBNM | ||
| 245 | 1 | 0 |
_aAnimación de proyectos educativo-pastorales _bmódulo uno : conocer el proyecto |
| 250 | _a1ª ed. | ||
| 260 |
_aBuenos Aires _bCIPE _bBonum _c1996 |
||
| 300 |
_a190 p. _btablas, diagr. |
||
| 500 | _aCIPE: CENTRO DE INVESTIGACION Y PROMOCION DE LA EDUCACION | ||
| 504 | _aBibliografía al final de cada capítulo | ||
| 650 | 4 | _aEDUCACION CRISTIANA | |
| 650 | 4 | _aEDUCACION MORAL | |
| 650 | 4 | _aGRUPOS RELIGIOSOS | |
| 650 | 4 | _aANIMADORES DE GRUPOS DE JOVENES | |
| 650 | 4 | _aANIMADORES DE GRUPOS DE ADULTOS | |
| 650 | 4 | _aMETODOS DE ANIMACION | |
| 650 | 4 | _aCONDUCTA DEL GRUPO | |
| 650 | 4 | _aCRISTIANISMO | |
| 700 | 1 |
_aCambours de Donini, Ana María _ecoordinador |
|
| 700 | 1 |
_aIantorno, Mario _eprologuista |
|
| 942 | _cBK | ||
| 998 | _cSILVI | ||
| 999 |
_c10457 _d10457 |
||